000
00207 a2200097 4500
001
46779
100
_a
mccloughry
245
_a
Global strategy
260
_a
London
_b
Jonathan cape
_c
090
_c
29873
_d
29873
942
_a
NUST-CAE
_c
M
_c
22083
999
_c
281852
_d
281852